000 00672pam a2200193 a 4500
082 0 0 _a643.1
_bMIL
_cD
100 1 _aServices, military engineer
_944492
245 1 0 _aResidential accommodation standard designs
_cMilitary engineer services
260 _aPakistan :
_bMilitary engineer services
_cc2010.
300 _a138 p. :
_bill. ;
_c38 cm.
526 _a0
_b0
_c0
_d643_100000000000000_MIL
526 _a0
_b0
_c0
_d643_100000000000000_MIL
526 _a0
_b0
_c0
_d643_100000000000000_MIL
526 _a0
_b0
_c0
_d643_100000000000000_MIL
526 _a0
_b0
_c0
_d643_100000000000000_MIL
526 _a0
_b0
_c0
_d643_100000000000000_MIL
650 0 _aMCE
_9379
942 _2ddc
_cBK
999 _c548265
_d548265